| 000 | 01204nam a2200325 i 4500 | ||
|---|---|---|---|
| 001 | bg | ||
| 003 | KOSZ 005 | ||
| 005 | 20200305140229.0 | ||
| 008 | 980604s1996 pl a f f |000 0 pol | ||
| 015 | _aPB 1998/6733 | ||
| 020 | _a8386705442 | ||
| 035 | _a(OCoLC)750491935 | ||
| 040 |
_aWA N _cKOSZ 005/HR _dKOSZ 005/HR |
||
| 080 | _a621.82/.85 | ||
| 080 | _a(075.8) | ||
| 100 | 1 |
_aMarkowski, Tadeusz _d(1947- ). _eAutor |
|
| 245 | 1 | 0 |
_aPodstawy konstrukcji maszyn : _bnapędy mechaniczne. _nCz. 1 / _cTadeusz Markowski, Marian Mijał, Edward Rejman. |
| 260 |
_aRzeszów : _bOficyna Wydawnicza Politechniki Rzeszowskiej, _c1996. |
||
| 300 |
_a300 s. : _brys., wykr. ; _c23 cm. |
||
| 380 | _aKsiążki. | ||
| 504 | _aBibliogr. s. 299-300. | ||
| 521 | _aSkrypt uczelniany dla studentów Wydz. Budowy Maszyn i Lotnictwa. | ||
| 655 | 4 | _aPodręczniki akademickie | |
| 650 | 4 | _aPrzekładnie | |
| 700 | 1 |
_aMijał, Marian. _eAutor |
|
| 700 | 1 |
_aRejman, Edward. _eAutor |
|
| 710 | 2 |
_aOficyna Wydawnicza Politechniki Rzeszowskiej. _4pbl. |
|
| 856 |
_uhttp://koha.tu.koszalin.pl/cgi-bin/koha/opac-detail.pl?biblionumber=24959 _yKatalog online BPK |
||
| 942 |
_2UKD _cKS |
||
| 999 |
_c24959 _d24959 |
||